000 00496nam a2200193Ia 4500
003 OSt
005 20220810123443.0
008 220810b |||||||| |||| 00| 0 eng d
020 _a0 340 78946 8
040 _cIFM Library
082 _a004
100 _aWalsh, John.
_9717
245 _aNew Higher Computing
260 _aPaisley:
_bHodder Gibson.
_c2002
300 _a316p.: ill. ; 28 cm.
500 _aInclude Index
650 _aSoftware Development Process
_9718
942 _cBK
_2ddc
_n0
999 _c4643
_d4643